01952 2200409 4500001002100000005001500021035002000036008004100056020001800097041000800115082001100123084001700134100002800151245016600179250001300345260003400358300003400392500001400426520069300440650002501133990002401158990002401182990002401206990002401230990002401254990002401278990002401302990002401326990002401350990002401374990002401398990002401422990002401446990002401470990002401494990002401518INLIS00000000000785020221107101449 a0010-0520007850221107 | | ind  a9789795381976 aind a346.08 a346.08 HER c0 aHerlina Suyati Bachtiar1 aContoh Akta Notaris Dan Akta Di Bawah Tangan Buku II Bagian 1 :bMengenai Akta-Akta Notaris Untuk Perbankan & Perusahaan Multi Finance /cHerlina Suyati Bachtiar aCet.ke-3 aBandung :bMandar Maju,c2008 aviii, 393p.; 21 cm. ;c21 cm. ac.2 - c.5 aPada buku seri kedua ini, penyusun ingin membagi pengalaman yang diperoleh dalam bekerja di dunia perbankan dan perusahaan multi finance. Bersama ini penyusun menyiapkan contoh-contoh perjanjian notariil yang lazim digunakan diperbankan dan perusahaan multifinance, seperti pemberian jaminan cessie, pengakuan hutang dan lain-lain. Dalam buku ini juga disertakan contoh-contoh akte apa saja yang digunakan diperbankan dan perusahaan multifinance. Penyusun berharap buku ini dapat dijadikan acuan bagi pihak-pihak terutama sarjana hukum yang ingin merintis karier di bidang ini serta dapat menjadi bahan perbandingan dengan bentuk-bentuk akte yang digunakan dibank/perusahaan multifinance. 4aNotaries - Indonesia a16739/MKRI-P/X-2010 a16742/MKRI-P/X-2010 a16741/MKRI-P/X-2010 a16740/MKRI-P/X-2010 a16740/MKRI-P/X-2010 a16739/MKRI-P/X-2010 a16742/MKRI-P/X-2010 a16741/MKRI-P/X-2010 a16741/MKRI-P/X-2010 a16739/MKRI-P/X-2010 a16742/MKRI-P/X-2010 a16740/MKRI-P/X-2010 a16742/MKRI-P/X-2010 a16739/MKRI-P/X-2010 a16741/MKRI-P/X-2010 a16740/MKRI-P/X-2010